000 00809cam a2200217 4500
001 ABS65405
008 020430n2002 000 0 eng u
035 _a(Sirsi) u117782
100 _aOsborne, H
245 _aSpicing up the working relationship
260 _c2002
490 _aEstates Gazette
_v(0215) 13 April 2002, 120-121(1)
520 _aReports on EG/BCO look at landlords' and tenants' desires when locating businesses. Uses comments from attendees at a meeting held in April 2002, where general view was that business location was no longer UK centred, citing inflexibility of leases as one problem.
590 _aABS
650 _aLEASES
650 _aLANDLORDS
650 _aTENANTS
650 _aBUSINESS LOCATIONS
690 _aLANDLORD AND TENANT-BUSINESS TENANCIES
942 _n0
999 _c70132
_d70132